000 01240nam a2200301 i 4500
001 86259
003 ES-MaACL
005 20250821063032.0
007 t|
008 040326s2004 sp ||||1| spa d
020 _a84-7914-712-1
080 _a222/224.07
100 0 _aJerónimo,
_cSanto
_966343
245 1 0 _aCuestiones relativas al Antiguo Testamento /
_cSan Jerónimo ; introducción, traducción y notas Rosa María Herrera García.
250 _aEd. bilingüe.
260 _aMadrid :
_bBiblioteca de Autores Cristianos,
_c2004.
300 _aXXVII, 607 p. ;
_c20 cm.
490 1 _aBiblioteca de autores cristianos ;
_v644
490 1 _aObras completas de San Jerónimo ;
_v4
500 _aTexto en latín y traducción en español.
505 8 _aContiene: Cuestiones hebreas sobre el Génesis ; Libro de la interpretación de los nombres hebreos ; Fragmentos selectos del Salterio ; Comentario al Eclesiastés
630 0 4 _aBiblia.
_pA. T.-
_xComentarios
_9119249
700 1 _aHerrera García, Rosa María.
_963221
830 0 0 _aBiblioteca de autores cristianos
_v644
_9178679
830 0 _aObras completas de San Jerónimo ;
_v4
_9183043
852 _aES-MaACL
_jJ-631
_bR.134847
999 _c86259
_d86259